000 01975cam a2200433 i 4500
999 _c9627
_d9627
001 19702198
003 GBCCL
005 20241126110715.0
008 170608t20172017miu 001 0 eng c
010 _a 2017024331
020 _a9780310522737 (softcover)
020 _z9780310522744
_qebook
040 _aNcWfSB/DLC
_beng
_cNcWfSB
_erda
_dDLC
042 _apcc
050 0 0 _aBV601.8
_b.F68 2017
082 0 0 _a266
_223
_bLEE
100 1 _aLeeman, Jonathan,
_eauthor.
_915406
245 0 0 _aFour views on the church's mission /
_cJonathan Leeman, Christopher J.H. Wright, John R. Franke, Peter J. Leithart ; Jason S. Sexton, general editor ; Stanley N. Gundry, series editor.
246 3 _a4 views on the church's mission
264 1 _aGrand Rapids, MI :
_bZondervan,
_c[2017]
264 4 _c©2017
300 _a208 pages ;
_c21 cm.
336 _atext
_2rdacontent
337 _aunmediated
_2rdamedia
338 _avolume
_2rdacarrier
490 1 _aCounterpoints. Bible & theology
500 _aIncludes index.
505 0 _aSoteriological Mission: Focusing In on the Mission of Redemption / Jonathan Leeman -- Participatory Mission: The Mission of God's People Revealed in the Whole Bible Story / Christopher J.H. Wright -- Contextual Mission: Bearing Witness to the Ends of the Earth / John R. Franke -- Sacramental Mission: Ecumenical and Political Missiology / Peter J. Leithart -- Conclusion: Recalibrating a Church for Mission / Jason S. Sexton.
650 0 _aMission of the church.
_950
700 1 _aFranke, John R.,
_eauthor.
_916708
700 1 _aLeeman, Jonathan,
_d1973-
_eauthor.
_916709
700 1 _aLeithart, Peter J.,
_eauthor.
_915119
700 1 _aWright, Christopher J. H.,
_d1947-
_eauthor.
_947
700 1 _aSexton, Jason S.,
_eeditor.
_916710
830 0 _aCounterpoints.
_pBible & theology.
_916711
906 _a7
_bcbc
_corignew
_d1
_eecip
_f20
_gy-gencatlg
942 _2ddc
_cBK